The economic valuation of biological diversity / (Registro nro. 2943)

Detalles MARC
000 -CABECERA
Campo de control 00746nam a2200229 u 4500
005 - FECHA Y HORA DE LA ULTIMA TRANSACCION
Campo de control 20160518114008.0
008 - ELEMENTOS DE LONGITUD FIJA—INFORMACION GENERAL
Campo de control 140307t1999 gw |||||r|||| 00| 0 eng d
020 ## - ISBN
ISBN 3933984246
040 ## - FUENTE DE CATALOGACIÓN
Agencia catalogadora original CO-BoIAVH
Agencia transcriptora CO-BoIAVH
041 0# - IDIOMA
Código de idioma para texto/pista de sonido o título separado Inglés
Código de idioma de la versión original y/o traducciones intermedias del texto Español
044 ## - PAÍS DE PUBLICACIÓN
País de publicación Alemania
082 04 - NUMERO DE CLASIFICACION DECIMAL DEWEY
Número de clasificación 333.950681
Número del ítem P72t
100 1# - ASIENTO PRINCIPAL--NOMBRE PERSONAL
Nombre personal Plän, Thomas
Término relacionado autor
9 (RLIN) 17909
245 14 - MENCION DE TITULO
Título The economic valuation of biological diversity /
Mención de responsabilidad Thomas Plän
260 ## - PUBLICACION, DISTRIBUCION, ETC. (PIE DE IMPRENTA)
Lugar de publicación, distribución, etc. Eschborn :
Nombre del editor, distribuidor, etc. GTZ,
Fecha de publicación, distribución, etc. 1999.
300 ## - DESCRIPCION FISICA
Extensión 121 páginas ;
Dimensiones 21 x 14 cm.
504 ## - NOTA DE BIBLIOGRAFIA, ETC.
Nota de bibliografía Incluye referencias bibliográficas.
650 16 - ASIENTO SECUNDARIO DE MATERIA - TERMINO TEMATICO
Término temático o nombre geográfico como elemento de entrada Biodiversidad
Subdivisión general Valor económico
9 (RLIN) 68914
650 24 - ASIENTO SECUNDARIO DE MATERIA - TERMINO TEMATICO
Término temático o nombre geográfico como elemento de entrada Valoración económica de la biodiverisidad
9 (RLIN) 68915
650 26 - ASIENTO SECUNDARIO DE MATERIA - TERMINO TEMATICO
Término temático o nombre geográfico como elemento de entrada Medio ambiente
Subdivisión general Aspectos económicos
9 (RLIN) 68916
942 ## - ELEMENTOS ADICIONALES (KOHA)
Tipo de ítem Libro
Sistema de clasificación Dewey Decimal Classification
Existencias
Withdrawn status Lost status Sistema de Clasificación Damaged status No para préstamo Colección Inventariado Ubicación Permanente Ubicación actual Fecha de adquisición Valor Total Checkouts Número topográfico Inventario / Código de Barras Date last seen Ejemplar Price effective from Forma de adquisición Tipo de material
    Dewey Decimal Classification     General Inventariado 2017 Bogotá Bogotá 15/10/2002 39000.00   LB-333.950681 P72t 003414 04/12/2012 Ej. 1 04/12/2012 Donación Libro